000
00191nam a2200073Ia 4500
999
_c
8349
_d
8349
003
OSt
005
20190515111506.0
008
170524s9999 xx 000 0 und d
040
_c
IIMT UNIVERSITY
100
_a
KORTH HENERY F
245
0
_a
DATA BASE SYSTEM CONCEPTS
260
_b
new delhi : Sultan chand
300
_a
1142
942
_2
ddc
_c
02